000 00417nam a2200157Ia 4500
003 GCL
008 140319s9999 xx 000 0 eng d
040 _aGCL /
_cGCL
082 0 4 _a155.2
_bH I
100 1 _aHERGENHAHN, B. R.
245 1 0 _aAN INTRODUCTION TO THEORIES OF PERSONALITY /
_cHERGENHAHN, B. R.
260 _a[S.N] :
_bPRENTICE HALL ،
_c1994
300 _a62 P
650 0 4 _aPERSONALITY
942 _2ddc
_cBK
999 _c23714
_d23714